| 000 | 01044nam a22002657a 4500 | ||
|---|---|---|---|
| 005 | 20100727120525.0 | ||
| 010 | _aENG-96904 | ||
| 020 |
_a8183821944 _c250.00 |
||
| 020 |
_a9788183821940 _c250.00 |
||
| 035 | _aEN-80437 | ||
| 037 | _bDBAD/PUB | ||
| 082 | _a230 | ||
| 100 |
_aFarquhar, J.N. _91895 |
||
| 245 |
_aThe golden book of Hinduism : _ba multi-idea and multi-layered religio - cultural family / _cby J.N. Farquhar; translated by R.T.H. Griffith, F. Max Muller [and] Edwin Arnold |
||
| 260 |
_aNew Delhi _bLotus Press _c2009 |
||
| 270 |
_a4263/3, Ansari Road, Darya Ganj, _bNew Delhi _e110002 |
||
| 300 |
_aix, 301p.: _c21cm, ( pbk) _eb&w photos |
||
| 490 |
_aIndia bookvarsity lotus choices ; edited by Mahendra Kulasrestha _91896 |
||
| 700 |
_91876 _aGriffith, R.T.H. |
||
| 700 |
_a Muller, F. Max _91889 |
||
| 700 |
_aArnold, Edwin _91890 |
||
| 710 | _91880 | ||
| 942 |
_2ddc _cEN _h230 _mFAR |
||
| 999 |
_c37889 _d37889 |
||